anagrammes des pays du monde - Statistiques

Statistiques générales
  • Ce quiz a été pris 56 fois
  • Le résultat moyen est 11 sur 15
Statistiques - réponses
anagramme pays % Correct
XIEMUQE Mexique
92%
ZUQIMBEOMA Mozambique
90%
AIKNAPST Pakistan
87%
ITOPEHEI Éthiopie
81%
UAVATNU Vanuatu
81%
DESINEONI Indonésie
77%
OSAPLA Palaos
77%
SOESULIERB Biélorussie
73%
IOVLEMAD Moldavie
69%
MEBOCILO Colombie
58%
NUAHRSOD Honduras
56%
NVESOIEL Slovénie
56%
DANHLIATE Thaïlande
54%
ISALENTPE Palestine
52%
OACTIRASC Costa Rica
48%
Aucun quiz correspondant
Distribution des résultats
% des personnes avec chaque résultat
Percentile par nombre de réponses
Votre historique - résultats
Vous n’avez pas pris ce quiz